000 00759nam a22002291 4500
001 sa 68006046
003 DLC
005 20260227112513.0
008 710915s1962 ii 00000 eng
010 _asa 68006046
025 _aPL480:I-E-8563
043 _aa-ii---
050 0 _aHJ4387.N3
_bA57
110 1 0 _aNarsinghpur, India (State)
245 1 0 _aReport on the completion of the settlement of land revenue of the Narsingpur Fuedatory [sic] State.
260 0 _aBerhampur,
_bPrinted at Sarada Press
_c[1962]
300 _a21 p.
_c33 cm.
350 _aRs1.03
650 0 _aLand value taxation
_zNarsinghpur, India (State)
650 0 _aLand tenure
_zNarsinghpur, India (State)
650 0 _aAgriculture
_xEconomic aspects
_zIndia
_zNarsinghpur (State)
999 _c81097
_d81097